000 02506cam a22005414i 4500
003 PE-LiUPU
005 20250731173337.0
008 150706s1997 ne rb 000 0 eng d
020 _a9039001731
020 _a9789039001738
035 _a(Sirsi) i9789039001738
040 _aPE-LiUPU
_bspa
_cPE-LiUPU
_erda
049 _aPRUA
082 0 4 _a221.07
_bHC
_221
100 1 _aKoole, Jean L.,
_eautor.
245 1 0 _aIsaiah III,Part 3 Volume 1: Isaiah 40-48 /
_cpor Jan L. Koole.
264 1 _aKampen-The Netherlands :
_bKok Pharos,
_c1997.
300 _a611 páginas ;
_c24 centímetros.
336 _atext
_2rdacontent
337 _aunmediated
_2rdamedia
338 _avolume
_2rdacarrier
490 0 _aHistorical Commentary On The Old Testament
500 _aParte 3 Volumen 1: Isaias 40-48.
504 _aIncluye bibliografía.
505 0 _aIsaiah 40 1-11 -- Isaiah 40: 12-26 -- Isaiah 40: 27-31 -- Isaiah 41:1-7 -- Isaiah 41:8-13 -- Isaiah 41:14-16 -- Isaiah 4:17-20 -- Isaiah 41:21-29 -- Isaiah 42: 1-9 -- Isaiah 42:10-13 -- Isaiah 42: 14-17 -- Isaiah 42: 18-25 -- Isaiah 43: 1-7 -- Isaiah 43: 8-13 -- Isaiah 43: 14-15 -- Isaiah 43: 16-21 -- Isaiah 43:22-28.
526 _aSEG42
526 _aSEG41
526 _aSEG40
526 _aSEG39
526 _aP94
526 _aP87
526 _aP86
526 _aP85
526 _aP77
526 _aP76
526 _aP35
541 _g20081126230934D47324;
630 _aBiblia.
_pA.T.
_pIsaias
_xComentarios.
910 _agl
_bjv
_cjvm
_d2010022
942 _2ddc
_cBOOK
949 _a221.07 HC 23C.1
_wDEWEY
_c1
_i59814
_lCCODEBUL1
_mBUL
_p54.00
_r0
_sY
_tBOOK
_u2015-7-6
_xTEOLOGIA
_zUNKNOWN
_0COMPRA
_o.STAFF. Colección General
949 _a221.07 HC 23C.1
_wDEWEY
_c2
_i73621
_d2016-7-21
_e2016-7-20
_lCCODEBUL1
_mBUL
_n1
_p61.00
_r0
_sY
_tBOOK
_u2016-6-13
_xTEOLOGIA
_PP35
_0COMPRA
_o.CIRCNOTE. Documento de alto precio.
_o.STAFF. Colección General Teología
994 _aC0
_bPEPRU
596 _a1
999 _a221.07 HC 23C.1
_wDEWEY
_c49351
_i59814
_d49351
_e2017-9-25
_f2021-11-9
_g5
_lCCODEBUL1
_mBUL
_n2
_p54.00
_q1
_r0
_sY
_tBOOK
_u2015-7-6
_xTEOLOGIA
_PP35
_0COMPRA
_o.STAFF. Colección Teología
999 _a221.07 HC 23C.1
_wDEWEY
_c2
_i73621
_d2018-7-17
_e2016-7-20
_f2021-11-9
_g5
_lCCODEBUL1
_mBUL
_n1
_p61.00
_q1
_r0
_sY
_tBOOK
_u2016-6-13
_xTEOLOGIA
_PP35
_0COMPRA
_o.CIRCNOTE. Documento de alto precio.
_o.STAFF. Colección Teología
980 _81
_gALBERTO SANCHEZ Responsable de Automatización